000 00335 a2200145 4500
001 169247
020 _a
040 _cMagnum
100 _aNavajas, Ana Maria
240 1 0 _aAvaliacao institucional uma visao critica
_lpor
245 1 0 _aAvaliacao institucional uma visao critica
362 0 _a1899
697 _aGERAL
942 _cBK
999 _c169247
_d169247